000 00396nam a22001577a 4500
020 _a978-81-264-4023-8
082 _a823
_bDIC/O
100 _aDICKENS, CHARLS
245 _aTHE OLD CURIOSITY SHOP
_bMANGO CLASSICS
246 _aTHE OLD CURIOSITY SHOP
_bMANGO CLASSICS
260 _aKOTTAYAM
_bDC BOOKS
_c2016
300 _a76
520 _aCLASSIC BOOKS
650 _aCLASSIC BOOKS
942 _cBK
999 _c2878
_d2878